<?xml version="1.0" encoding="UTF-8"?>
<record
    xmlns:xsi="http://www.w3.org/2001/XMLSchema-instance"
    xsi:schemaLocation="http://www.loc.gov/MARC21/slim http://www.loc.gov/standards/marcxml/schema/MARC21slim.xsd"
    xmlns="http://www.loc.gov/MARC21/slim">

  <leader>02622nam a2200265Ia 4500</leader>
  <datafield tag="952" ind1=" " ind2=" ">
    <subfield code="0">0</subfield>
    <subfield code="1">0</subfield>
    <subfield code="2">lcc</subfield>
    <subfield code="4">0</subfield>
    <subfield code="7">0</subfield>
    <subfield code="a">01</subfield>
    <subfield code="b">01</subfield>
    <subfield code="d">2012-05-23</subfield>
    <subfield code="l">11</subfield>
    <subfield code="m">1</subfield>
    <subfield code="o">301 R294t 2010 </subfield>
    <subfield code="p">01 013236</subfield>
    <subfield code="r">2014-05-23</subfield>
    <subfield code="s">2014-05-23</subfield>
    <subfield code="t">1</subfield>
    <subfield code="w">2012-06-24</subfield>
    <subfield code="y">LB</subfield>
  </datafield>
  <datafield tag="952" ind1=" " ind2=" ">
    <subfield code="0">0</subfield>
    <subfield code="1">0</subfield>
    <subfield code="2">lcc</subfield>
    <subfield code="4">0</subfield>
    <subfield code="7">0</subfield>
    <subfield code="a">01</subfield>
    <subfield code="b">01</subfield>
    <subfield code="d">2013-10-30</subfield>
    <subfield code="l">10</subfield>
    <subfield code="o">301 R294t 2010 </subfield>
    <subfield code="p">01 013519</subfield>
    <subfield code="r">2017-10-10</subfield>
    <subfield code="s">2017-10-10</subfield>
    <subfield code="t">2</subfield>
    <subfield code="w">2013-10-30</subfield>
    <subfield code="y">LB</subfield>
  </datafield>
  <datafield tag="999" ind1=" " ind2=" ">
    <subfield code="c">61471</subfield>
    <subfield code="d">61471</subfield>
  </datafield>
  <controlfield tag="005">20231102150725.0</controlfield>
  <controlfield tag="008">120622s2010    mx            000 0 spa d</controlfield>
  <datafield tag="020" ind1=" " ind2=" ">
    <subfield code="a">9789700760995</subfield>
  </datafield>
  <datafield tag="082" ind1=" " ind2=" ">
    <subfield code="a">301</subfield>
    <subfield code="b">R294t 2010</subfield>
  </datafield>
  <datafield tag="100" ind1="1" ind2=" ">
    <subfield code="a">Recasens Siches, Luis</subfield>
    <subfield code="e">autor</subfield>
  </datafield>
  <datafield tag="245" ind1="1" ind2="0">
    <subfield code="a">Tratado general de sociolog&#xED;a</subfield>
    <subfield code="c">/ Luis Recasens Siches</subfield>
  </datafield>
  <datafield tag="250" ind1=" " ind2=" ">
    <subfield code="a">33a. edici&#xF3;n</subfield>
  </datafield>
  <datafield tag="260" ind1="3" ind2=" ">
    <subfield code="a">M&#xE9;xico</subfield>
    <subfield code="b"> : Porr&#xFA;a</subfield>
    <subfield code="c">, 2010</subfield>
  </datafield>
  <datafield tag="300" ind1=" " ind2=" ">
    <subfield code="a">xxxii, 682 p&#xE1;ginas</subfield>
  </datafield>
  <datafield tag="336" ind1=" " ind2=" ">
    <subfield code="a">texto</subfield>
  </datafield>
  <datafield tag="337" ind1=" " ind2=" ">
    <subfield code="a">sin medio</subfield>
  </datafield>
  <datafield tag="338" ind1=" " ind2=" ">
    <subfield code="a">volumen</subfield>
  </datafield>
  <datafield tag="500" ind1=" " ind2=" ">
    <subfield code="a">Trig&#xE9;simo tercera edici&#xF3;n, reimpresi&#xF3;n de la tercera edici&#xF3;n </subfield>
  </datafield>
  <datafield tag="504" ind1=" " ind2=" ">
    <subfield code="6">Incluye:
&#xED;ndice alfab&#xE9;tico de autores (pp.653-660)
&#xED;ndice alfab&#xE9;tico de materias (pp.661-670)</subfield>
  </datafield>
  <datafield tag="505" ind1=" " ind2=" ">
    <subfield code="a">Objeto y prop&#xF3;sito de la sociolog&#xED;a sus diferencias y relaciones con otras disciplinas
Las funciones practicas de la sociolog&#xED;a
Precedentes, fundaci&#xF3;n y primeros pasos de la sociolog&#xED;a
Las varias experiencias de lo social
La sociolog&#xED;a como ciencia de determinados hechos humanos con sentido
El problema de la definici&#xF3;n de lo social
Estudio del hombre como introducci&#xF3;n al estudio de la sociedad, la personalidad individual y sus ingredientes sociales
El supuesto y la base de las relaciones interhumanas esencialidad y funciones de lo social
La cultura y su funci&#xF3;n en la sociedad, cultura objetiva, cultura subjetiva, cultura como herencia y patrimonio social
Modos colectivos de conducta creencias, usos, costumbres, ritos, s&#xED;mbolos, etc.
El control social
La socializaci&#xF3;n de la conducta, la mentalidad colectiva, individuo y sociedad
El progreso y el cambio social
Los factores f&#xED;sicos y la vida social
Condiciones y factores biol&#xF3;gicos y factores psicol&#xF3;gicos
Razas y sociolog&#xED;a
La Interacci&#xF3;n social las relaciones sociales
Relaciones y procesos sociales en general
Procesos asociativos
Procesos sociales de oposici&#xF3;n y disociativos
Formaciones, complejos o grupos sociales, sus diversos tipos, clasificaciones varias
Las muchedumbres
Grupos sociales permanentes no organizados, c&#xED;rculos y clases sociales
Los entes colectivos institucionales, en general
La familia
La comunidad local, sociolog&#xED;a rural y sociolog&#xED;a urbana
La naci&#xF3;n
Sociolog&#xED;a de la cultura y de la historia
La din&#xE1;mica socio-cultural-hist&#xF3;rica
Sociolog&#xED;a del lenguaje
Sociolog&#xED;a del conocimiento o del saber
Sociolog&#xED;a del derecho
T&#xE9;cnica y Sociedad
Sociolog&#xED;a del arte</subfield>
  </datafield>
  <datafield tag="519" ind1=" " ind2=" ">
    <subfield code="a">Plan Flexible / </subfield>
    <subfield code="b">Criminal&#xED;stica / </subfield>
    <subfield code="c">Sociolog&#xED;a (B02-2) / </subfield>
    <subfield code="d">(01 013236)</subfield>
  </datafield>
  <datafield tag="650" ind1="1" ind2="4">
    <subfield code="a">SOCIOLOG&#xCD;A</subfield>
  </datafield>
  <datafield tag="942" ind1=" " ind2=" ">
    <subfield code="2">ddc</subfield>
    <subfield code="c">LB</subfield>
  </datafield>
</record>
